| 000 | 00953nam a2200265 a 4500 | ||
|---|---|---|---|
| 001 | BRCA_4845 | ||
| 005 | 20190320204829.0 | ||
| 008 | 831117s1961 sp-a######---#000-0#spa-# | ||
| 041 | _aspa | ||
| 044 | _asp | ||
| 050 | 4 |
_aBX2656 _b.M66 1 1961 |
|
| 245 | 1 | 0 |
_aMonasterio de las Descalzas Reales _bguía turística _ccomentarios y notas por P. Junqueira de la Vega y M. Teresa Ruíz Alcon. |
| 260 |
_aMadrid _bPatrimonio Nacional _c1961 |
||
| 300 |
_a45 p. _bil. (algunas a color), 1 mapa, 44 láminas _c17 cm. |
||
| 440 | 0 |
_aGuías turísticas. Patrimonio nacional _v7 _912267 |
|
| 500 | _aEjemplar igual S91 | ||
| 500 | _aCFG84 | ||
| 610 | 2 | 4 |
_aMonasterio de las Descalzas Reales _vGuías _zMadrid, España _912268 |
| 650 | 1 | 4 |
_aArte y religión _zEspaña _912269 |
| 650 | 1 | 4 |
_aArquitectura religiosa _zEspaña _97863 |
| 700 | 1 |
_aJunqueira de la Vega, Paulina _912270 |
|
| 700 | 1 |
_aRuíz Alcon, María Teresa _92875 |
|
| 902 | _aGFM | ||
| 942 |
_2lcc _cB |
||
| 999 |
_c4539 _d4539 |
||